Etiqueta de registo: 00254nam 2200025 450
001 2286830
003 http://id.bnportugal.gov.pt/bib/catbnp/2286830
021 ## $aPT$b533514/24
100 ## $a20260525d2024 m d0pory01030103ba
101 0# $apor
102 ## $aPT
105 ## $aa z 000yy
106 ## $ar
200 1# $a Os sonhadores da cidade$eprojeto Museu-Escola 2023-2024$fPatrícia de Jesus Palma$gfot. Dora Alves... [et al.]
205 ## $a1ª ed
210 #9 $aLagos$cMunicípio de Lagos,$d2024
215 ## $a97 p.$cil.$d21 cm
700 #1 $aPalma,$bPatrícia de Jesus$31444979
702 #1 $91$aAlves,$bDora$4600$31999198
801 #0 $aPT$bBN$gRPC
966 ## $lBN$mFGMON$x1
966 ## $lBN$mFGMON$x1
971 ## $cabrito$d20260525